| 000 | 01120nas a2200397 4500 | ||
|---|---|---|---|
| 001 | BR0400567 | ||
| 003 | BR-BrBNA | ||
| 005 | 20231205104345.0 | ||
| 007 | ta | ||
| 008 | 230509b bl.|||p| |||| 00| 00por d | ||
| 040 |
_aBR-BrBNA _bpor _cBiblioteca Nacional de Agricultura |
||
| 041 | _a(Pt) | ||
| 072 | _aF03 | ||
| 100 | 1 | _aAraújo, E.F.A. | |
| 100 | 1 | _aAraújo, R.F. | |
| 100 | 1 | _aSilva, R.F. | |
| 100 | 1 | _aGalvão, J.C.C. da | |
| 245 | 1 | _aSuperação da dureza de sementes e frutos de Stylosanthes scabra J. Vogel e seu efeito na germinação | |
| 650 | _aSTILOSANTE | ||
| 650 | _aMÉTODO | ||
| 650 | _aTRATAMENTO DE SEMENTE | ||
| 650 | _aPLÂNTULA | ||
| 650 | _aCALOR | ||
| 650 | _aIMERSÃO | ||
| 650 | _aÁGUA | ||
| 650 | _aTRATAMENTO TÉRMICO | ||
| 650 | _aSEMENTE | ||
| 650 | _aFRUTO | ||
| 650 | _aESCARIFICAÇÃO | ||
| 650 | _aDORMÊNCIA | ||
| 650 | _aGERMINAÇÃO | ||
| 650 | _aÁCIDO SULFÚRICO | ||
| 773 | 0 |
_tRevista Brasileira de Sementes (Brazil) _xISSN 0101-3122 _g(2002), v. 24(2) p. 77-81 _wBR0400567 |
|
| 909 |
_a202311 _bLúcia _c55 _dLúcia Elande |
||
| 942 |
_2AGRIS _n0 _cANA |
||
| 999 |
_c177733 _d177733 |
||